00880cam a2200241 a 4500999001300000001000500013003000900018005001700027008004100044020001500085040003300100082002800133245008600161260004500247300002200292500002000314505001200334650006200346650006700408700002500475942001200500952012600512 c849d8496803BD-DhUAP20210118161056.0200128s2003 ii 001 0 eng  a8190162942 aDLCcBD-DhUAPbEngdBD-DhUAP 223a327.5405492 IND V-400aIndia-Bangladesh relations, documents, 1971-2002 /cedited by Avtar Singh Bhasin. aNew Delhi :bGeetika Publishers,cc2003. avolumes ;c25 cm. aIncludes index.0 a V. 4-- aForeign relationszIndiazBangladeshvSources.y1971-2002 aPolitics and governmentzIndiazBangladeshvSourcesy1971-20021 aBhasin, Avtar Singh. 2ddccBK 00102ddc4070aUAPCLbUAPCLcGeneral Stacksd2020-01-28o327.5405492 IND V-4p3010006803r2020-01-28t1w2020-01-28yBK